Compensation and asbestos disease (Record no. 69045)

MARC details
000 -LEADER
fixed length control field 00815cam a2200193 4500
001 - CONTROL NUMBER
control field WB3746-12
008 - FIXED-LENGTH DATA ELEMENTS--GENERAL INFORMATION
fixed length control field 011206n2001 000 0 eng u
035 ## - SYSTEM CONTROL NUMBER
System control number (Sirsi) u115900
245 ## - TITLE STATEMENT
Title Compensation and asbestos disease
260 ## - PUBLICATION, DISTRIBUTION, ETC.
Date of publication, distribution, etc. 2001
490 ## - SERIES STATEMENT
Series statement DTLR News Release
Volume/sequential designation (513) 30 November 2001, (2)
520 ## - SUMMARY, ETC.
Summary, etc. Payments under the Pneumoconiosis etc (Workers' Compensation) Act 1979 which compensates sufferers of asbestos and some other types of dust related diseases are to be increased in line with inflation. Anyone who may be eligible for payment under the act should contact the DTLR on 0800 279 2322.
590 ## - LOCAL NOTE (RLIN)
Local note WB
650 ## - SUBJECT ADDED ENTRY--TOPICAL TERM
Topical term or geographic name entry element MANAGEMENT-HEALTH AND SAFETY-HAZARDOUS SUBSTANCES-ASBESTOS
650 ## - SUBJECT ADDED ENTRY--TOPICAL TERM
Topical term or geographic name entry element COMPENSATION
650 ## - SUBJECT ADDED ENTRY--TOPICAL TERM
Topical term or geographic name entry element INJURIES
690 ## - LOCAL SUBJECT ADDED ENTRY--TOPICAL TERM (OCLC, RLIN)
Topical term or geographic name as entry element HEALTH AND SAFETY
9 (RLIN) 6244
942 ## - ADDED ENTRY ELEMENTS (KOHA)
Suppress in OPAC 0
Holdings
Withdrawn status Lost status Source of classification or shelving scheme Damaged status Not for loan Home library Current library Shelving location Date acquired Total Checkouts Full call number Barcode Date last seen Copy number Price effective from Koha item type
    Dewey Decimal Classification     London London News article 06/12/2001   WB3746-12 115900-1001 06/08/2019 1 06/08/2019 News article